[Event "30.Schlosspark-Open"]
[Site "Wiesbaden-Biebrich"]
[Date "2018.08.25"]
[Round "5.90"]
[White "Baehrle, Julius"]
[Black "Sturm, Holger"]
[Result "0-1"]
[WhiteElo "1373"]
[BlackElo "1117"]
[PlyCount "86"]
[EventDate "2018.??.??"]
[WhiteTeam "FC Bierstadt"]
[BlackTeam "Schierstein"]

1. Na3 c6 2. Nf3 d5 3. b3 Nf6 4. Bb2 Nbd7 5. g3 e6 6. Bg2 Qc7 7. O-O Be7 8. c4
O-O 9. Qc2 Qa5 10. Nb1 Rb8 11. Bc3 Qd8 12. Ng5 h6 13. Nf3 b6 14. d3 Bd6 15. Bb2
Re8 16. Nbd2 Qc7 17. Rae1 Bb7 18. e3 e5 19. Nh4 Bc8 20. cxd5 cxd5 21. Qxc7 Bxc7
22. Rc1 Bd6 23. Nf5 Bf8 24. Rfd1 Nc5 25. Nh4 Nxd3 26. Rc2 Bg4 27. Bf3 Be6 28.
Bc1 g5 29. Ng2 Rbc8 30. Rxc8 Rxc8 31. h3 Nxc1 32. h4 e4 33. Bxe4 dxe4 34. f3
exf3 35. Nxf3 Bg4 36. Nge1 Nxa2 37. Rd2 Nb4 38. Rd4 Bxf3 39. Nxf3 Rc1+ 40. Kg2
Nbd5 41. e4 Ne3+ 42. Kh3 Rh1+ 43. Nh2 g4# 0-1

[Event "30.Schlosspark-Open"]
[Site "Wiesbaden-Biebrich"]
[Date "2018.08.25"]
[Round "5.91"]
[White "Raima, Jan"]
[Black "Hedrich, Gerd"]
[Result "0-1"]
[WhiteElo "1366"]
[BlackElo "1497"]
[PlyCount "86"]
[EventDate "2018.??.??"]
[WhiteTeam "FC Bierstadt"]
[BlackTeam "Wiesbadener SV"]

1. b4 e5 2. a3 d5 3. Bb2 Nd7 4. e3 g6 5. c4 c6 6. Nf3 Bg7 7. Be2 Ne7 8. O-O O-O
9. Qc2 Qc7 10. d3 a6 11. Nc3 b5 12. c5 Nf5 13. Rfd1 Re8 14. Na2 Nh6 15. e4 d4
16. Bc1 Nf6 17. Bg5 Nh5 18. h3 f6 19. Bd2 Nf7 20. Nh2 Nf4 21. Bxf4 exf4 22. f3
Ne5 23. Nc1 Be6 24. Nb3 Qd7 25. Bf1 g5 26. Rab1 h5 27. Kf2 g4 28. hxg4 hxg4 29.
Ke2 gxf3+ 30. gxf3 Bh6 31. Kd2 Bh3 32. Kc1 Kf7 33. Qf2 Bxf1 34. Rxf1 Nxd3+ 35.
Kd2 Nxf2 36. Rxf2 Rg8 37. Rd1 Rad8 38. Kd3 Qe6 39. Nd2 Qa2 40. Rb1 Qe6 41. Rff1
Rg2 42. Rh1 Qa2 43. Nb3 Qe2# 0-1